Logique - Mort Subite #13 - Statistiques

Statistiques générales
  • Ce quiz a été pris 297 fois
  • Le résultat moyen est 2 sur 13
Answers on the Grid
Answers color-coded by a green-red scale on the quiz's grid according to % correct below.
Hijab
Astuce
Ebola
Tuvalu
Définition
Urgentiste
Afghanistan
France
SNCF
Ecrou
Avec des guillemets
Anophtalmie
Kirghizistan
Foudroyant
OCDE
Ouïe
Sri Jayawardenepura Kotte
Abcès
Jules
MDR
Opquast
Guingamp
OKLM
Max Verstappen
 
Statistiques - réponses
Réponse % Correct
Afghanistan
26%
Astuce
26%
Hijab
24%
OKLM
22%
Kirghizistan
19%
Tuvalu
19%
Max Verstappen
16%
OCDE
16%
Abcès
15%
Définition
12%
Avec des guillemets
9%
Anophtalmie
7%
Opquast
7%
Aucun quiz correspondant
Distribution des résultats
% des personnes avec chaque résultat
Percentile par nombre de réponses
Votre historique - résultats
Vous n’avez pas pris ce quiz